Villon, connaisance des lettres

שמור ב:
מידע ביבליוגרפי
מחבר ראשי: Gentil, Pierre Le
פורמט: ספר
שפה:Undetermined
יצא לאור: París, Francia Hatier 1967
נושאים:
תגים: הוספת תג
אין תגיות, היה/י הראשונ/ה לתייג את הרשומה!

MARC

LEADER 00000nam a2200000Ia 4500
008 170316s9999 xx 000 0 und d
040 |a cru BVZT 
090 |a 840 G-4v 
100 |a Gentil, Pierre Le 
245 |a Villon, connaisance des lettres 
260 |a París, Francia 
260 |b Hatier 
260 |c 1967 
300 |a 159 páginas 
650 |a LITERATURA FRANCESA 
999 |c 7709  |d 7709 
942 |c 15 D  |h 840 G-4v  |2 z